Responses for Show #4011 - Monday, January 28, 2002

Contestants

[<< previous game]

Steve Sanders, a graduate student from Oklahoma City, Oklahoma

Sharon Golembeski, a training manager from Wethersfield, Connecticut

Cynthia Kocanovic, a fundraiser from Toronto, Canada (whose 1-day cash winnings total $14,300)

[next game >>]

Jeopardy! Round responses

AMERICANA
THEIR TOP 40 ALBUMS
HIPPOPOURRI
WE ALL SCREAM FOR ICE CREAM
LIFE ON THE FARM
4-SYLLABLE WORDS
    $200 26
(Sharon: Who is Giuliani?)

Michael Bloomberg

SharonSteve
    $200 2
Meat Loaf

Steve
    $200 10
pig

Sharon
    $200 1
rocky road

Steve
    $200 7
topsoil

Cynthia
    $200 21
Canadian

Cynthia
    $400 27
millionaire

Cynthia
    $400 3
Madonna

Cynthia
    $400 11
blood

Cynthia
    $400 8
Ben & Jerry

Sharon
    $400 14
(Cynthia: What are weeds?)
[Initially ruled incorrect; reversed after the break.]

erosion

CynthiaSharon
    $400 22
quesadilla

Cynthia
    $600 28
Philippines

Steve
    $600 4
James Taylor

Steve
    $600 18
Metropolitan

Cynthia
    $600 9
(Steve: Who is Baskin-Robbins?)

Howard Johnson

Steve
Triple Stumper
    $600 15
(Steve: What is a bale?)

sheaf

CynthiaSteve
    $600 23
(Alex: Minute to go now, Cynthia.)

alligator

Triple Stumper
    $800 29
[The end-of-round signal sounds.]

Robert Fulton

Sharon
    $800 5
Pearl Jam

Cynthia
    $1,000 19
(Cynthia: What are hippopotamus and hippopotami?)

hippopotamuses & hippopotami

Cynthia
    $800 12
Klondike

Sharon
    $800 16
draft

Triple Stumper
    $800 24
mercenary

Steve
    $1000 6
Rod Stewart

Steve
    $1000 20
behemoth

Triple Stumper
    $1000 13
gelatto

Sharon
    $1000 17
frost

Sharon
    $1000 25
(Sharon: What's a benediction?)

invocation

Sharon
Triple Stumper

Scores at the first commercial break (after clue 15):

Cynthia Sharon Steve
$2,800 $2,800 $800

Scores at the end of the Jeopardy! Round:

Cynthia Sharon Steve
$3,400 $3,400 $2,400

Double Jeopardy! Round responses

BRITISH POETS
STAR WARS TRIVIA
"P"OTPOURRI
PERSON
PLACE
THING
    $400 11
Browning

Cynthia
    $400 1
[NOTE: This was the 360,000th clue entered into the J! Archive, on 2018-10-27.]

Burt Reynolds

Sharon
    $400 4
pagoda

Sharon
    $400 16
(Steve: Who is Boris Becker?)

John McEnroe

SharonSteve
    $400 21
Harlem

Cynthia
    $400 26
a thimble

Sharon
    $800 12
(Alex: [Using Scottish burr] [*], yes.)

Rabbie Burns

Cynthia
    $800 2
Chewbacca

Sharon
    $800 5
Mary Pickford

Steve
    $800 17
Pam Grier

Sharon
    $800 22
Hershey

Steve
    $800 30
the hook

Sharon
    $1200 13
Coleridge

Cynthia
    $1,100 3
(Sharon: I have no idea.)

Metropolis

Sharon
    $1200 8
Pompeii

Cynthia
    $1,500 18
(I.M.) Pei

Sharon
    $1200 23
South Africa

Steve
    $1200 29
lectern

Cynthia
    $1600 14
Dylan Thomas

Cynthia
    $1600 6
Millennium Falcon

Steve
    $1600 9
primrose

Triple Stumper
    $1600 19
Twyla Tharp

Triple Stumper
    $1600 24
(Alex: Back to you, Steve, with a minute to go.)

Qatar

Triple Stumper
    $1600 27
vanity

Cynthia
    $2000 15
John Donne

Sharon
    $2000 7
Triumph of the Will

Cynthia
    $2000 10
Pol Pot

Steve
    $2000 20
Warren Christopher

Steve
    $2000 25
Armenia

Steve
    $2000 28
submarine

Sharon

Scores at the end of the Double Jeopardy! Round:

Cynthia Sharon Steve
$13,800 $11,800 $12,400

[wagering suggestions for these scores]

Final Jeopardy! Round responses

THE CABINET
SharonWho was Reagan?
$3,401
SteveWho is Nixon
$12,000
CynthiaWho is Ronald Reagan?
$11,001
(1 of) Richard Nixon & Ulysses S. Grant

Final scores:

Cynthia Sharon Steve
$2,799 $8,399 $24,400
3rd place: trip to Bal Harbour in Florida 2nd place: trip to Grand Cayman Islands by Yahoo! New champion: $24,400

Game dynamics:

Coryat scores:

Cynthia Sharon Steve
$14,800 $12,600 $12,400
19 R,
1 W
(including 1 DD)
17 R
(including 1 DD),
3 W
(including 1 DD)
14 R,
3 W

Combined Coryat: $39,800

[game clues] [game scores] [suggest correction]

Game tape date: 2001-11-07
The J! Archive is created by fans, for fans. Scraping, republication, monetization, and malicious use prohibited; this site may use cookies and collect identifying information. See terms. The Jeopardy! game show and all elements thereof, including but not limited to copyright and trademark thereto, are the property of Jeopardy Productions, Inc. and are protected under law. This website is not affiliated with, sponsored by, or operated by Jeopardy Productions, Inc. Join the discussion at JBoard.tv.